000 01159nam a22003377a 4500
003 CHAP
005 20220329135825.0
008 971013s1976 r 00010 d
010 _a42859
011 _a43831
035 _a47968
040 _cCHAP
090 _aTesis
100 0 0 _aPeñuñuri Bringas, Rubén.
_986890
245 _aEstudio comparativo de varios métodos de pelecha forzada en gallinas ponedoras
260 _a(Monterrey, N.L.) :
_bEl autor,
_c1976
300 _a47 h.
_b: gráfs.
502 _aTesis (Ing. Agrónomo en Producción) -- ITESM. DIvisión de Ciencias Agropecuarias y Marítimas
590 _aALEPH
_b10
_c20130110
_lUCH01
_h1311
590 _aBATCH-UPD
_b10
_c20130110
_lUCH01
_h0046
590 _aBATCH-UPD
_b10
_c20130110
_lUCH01
_h1707
590 _aBATCH-UPD
_b10
_c20130409
_lUCH01
_h2033
590 _aBATCH-UPD
_b10
_c20130410
_lUCH01
_h1053
590 _aBATCH-UPD
_b10
_c20130914
_lUCH01
_h0445
590 _aCONVERSION
_b10
_c20130109
_lUCH01
_h1324
650 1 4 _aAves de corral
_xAnatomía.
_98639
650 1 4 _aHuevos
_xProducción.
_956759
901 _aBK
942 _cTESIS
949 _bBC
_cTES
_d-108816
_eTS1
_i47968
_si
999 _c42859
_d42859